000 00196nam a22000977a 4500
008 170821b xxu||||| |||| 00| 0 eng d
020 _a9780486659404
041 _aeng
080 _a51
100 _a37
999 _c24240
_d24240